Представление документа в формате RUSMARC

ПолеНазваниеЗначение
  Тип записи a
  Библиографический уровень a
001 Контрольный номер RU/CBS_Ul/BASE/525889845
005 Дата корректировки 20240209175204.1
100 Данные общей обработки __
a Данные общей обработки 20160830d2016 ||| 0rusy0189 ca
101 Язык документа 0_
a Язык текста rus
102 Страна публикации __
a Страна публикации RU
105 Кодированные данные (монография) __
a Кодированные данные (монография) y###||||000|y
200 Заглавие и сведения об ответственности 1_
a Заглавие Агрессивная пыльца
b Общее обозначение материала Текст
e Сведения, относящиеся к заглавию [аллергические риниты]
f Первые сведения об ответственности О. М. Курбачева ; [мат. подгот. Н. Пономарёва]
300 Общие примечания __
a Общие примечания Ограничения по возрасту - 16+
461 Уровень набора _0
1 2000
a Женское здоровье
463 Уровень физической единицы _0
1 001RU/CBS_Ul/BASE/522330385
1 2000
a № 7-8
v С. 6-7 : фото
1 210
d 2016
606 Тематические рубрики 0_
a Основная рубрика Аллергические риниты
610 Ключевые слова 0_
a Ключевые слова аллергический насморк
a Ключевые слова аллергические риниты
a Ключевые слова аллергии на пыльцу растений
686 Индексы других классификаций __
a Классификационный индекс 54.1
2 Код системы ББК
700 Автор _1
a Фамилия Курбачева
b Имя (инициалы) О. М.
801 Источник записи _0
a Страна RU
b Организация МБУК ЦБС г. Ульяновска
c Дата составления 20160830
g Правила каталогизации RCR
801 Источник записи _1
a Страна RU
b Организация МБУК ЦБС г. Ульяновска
c Дата составления 20160830
g Правила каталогизации RCR
901 Тип документа __
t Тип документа b
w Контрольный № источника RU/CBS_Ul/BASE/522330385
910 Корректоры записи __
a Корректор записи Библиотека 2
938 Служебная информация __
a Имя БД period